| 000 | 01091nam a22002657a 4500 | ||
|---|---|---|---|
| 005 | 20240530110404.0 | ||
| 008 | 150128s2012 ua g 000 0 ara d | ||
| 017 |
_a2011/20859 _bمصر . دار الكتب المصرية |
||
| 020 | _a9789774382471 | ||
| 040 | _aEG-CaGPL | ||
| 041 | 0 | _aara | |
| 082 | 0 | 4 |
_221 _a332.642\ _bن ب |
| 100 | 0 | _aنسرين عبدالحميد نبيه | |
| 245 | 1 | 2 |
_aالبورصة : _bماهيتها : تاريخها : مستقبلها ومدى تاثير التداول بها خلال ثورات الدول العربية / _cنسرين عبدالحميد نبيه |
| 260 |
_aالاسكندرية : _bالمكتب الجامعى الحديث ، _c2012 |
||
| 300 |
_a318 ص ؛ _c24 سم |
||
| 650 | 0 | 4 | _aالبورصات |
| 650 | 0 | 4 |
_aالبورصات _xفقه اسلامى |
| 650 | 0 | 4 | _aالازمة المالية العالمية |
| 650 | 0 | 4 |
_aالبورصات _xانواع |
| 650 | 0 | 4 | _aالاوراق المالية |
| 650 | 0 | 4 |
_aالبورصات _xتنظيم وادارة |
| 942 |
_2ddc _cBK |
||
| 999 |
_c60313 _d60313 |
||